| 000 | 00965cab a2200205 4500 | ||
|---|---|---|---|
| 001 | L136546 | ||
| 008 | 070207n2007 000 0 eng u | ||
| 035 | _a(Sirsi) u136546 | ||
| 041 | 0 | _aeng | |
| 050 | 0 | 4 | _a306.1 $2 18 |
| 110 | 2 |
_aJoseph Rowntree Foundation _92318 |
|
| 245 | 0 | 0 |
_aHow flexible tenure can prevent mortgage repossessions _h[electronic resource] |
| 260 |
_aYork _bJoseph Rowntree Foundation _c2007 |
||
| 520 | _aProvides case studies to illustrate the value of reverse staircasing for those in shared ownership schemes threatened with repossession of their homes. Also shows how reverse staircasing can alleviate other, non-housing difficulties. | ||
| 590 | _aKA NTK | ||
| 651 | 4 |
_aEngland _y886- |
|
| 690 | _aPROPERTY-RESIDENTIAL PROPERTY-ACQUISITION AND DISPOSAL OF RESIDENTIAL PROPERTY | ||
| 856 | 4 | 0 |
_uhttps://www.jrf.org.uk/sites/files/jrf/2029-flexible-tenure-housing.pdf _zView the paper free of charge at www.jrf.org.uk... |
| 942 | _n0 | ||
| 999 |
_c106424 _d106424 |
||